[Event "Syre Memorial op 36th"]
[Site "Issy les Moulineaux"]
[Date "2013.05.08"]
[Round "1"]
[White "Lamorelle, Julien"]
[Black "Guez, Fabien"]
[Result "1-0"]
[WhiteElo "2304"]
[BlackElo "2005"]
[PlyCount "47"]
[EventDate "2013.05.08"]
[EventType "swiss"]
[EventRounds "7"]
[EventCountry "FRA"]
[SourceTitle "EXT 2015"]
[Source "ChessBase"]
[SourceDate "2014.11.20"]
[SourceVersion "1"]
[SourceVersionDate "2014.11.20"]
[SourceQuality "1"]

1. e4 e5 2. Nf3 Nc6 3. Nc3 Nf6 4. Bb5 Bb4 5. 0-0 0-0 6. d3 Bxc3 7. bxc3 d6 8. Bg5 Qe7 9. Re1 Nd8 10. d4 Ne6 11. Bc1 c6 12. Bc4 Qc7 13. Nh4 Nf4 14. Bxf4 exf4 15. e5 Nd5 16. Bd3 Nxc3 17. Qd2 Nd5 18. c4 Ne7 19. Qxf4 dxe5 20. Rxe5 f6 21. Bxh7+ Kh8 22. Bd3 g5 23. Qe4 f5 24. Qe2 1-0

[Event "Paris-ch op-B 87th"]
[Site "Paris"]
[Date "2012.07.09"]
[Round "3"]
[White "Guez, Fabien"]
[Black "Vasilescu, Victor"]
[Result "1-0"]
[WhiteElo "2026"]
[BlackElo "2077"]
[PlyCount "91"]
[EventDate "2012.07.07"]
[EventType "swiss"]
[EventRounds "9"]
[EventCountry "FRA"]
[SourceTitle "EXT 2013"]
[Source "ChessBase"]
[SourceDate "2012.11.22"]
[SourceVersion "1"]
[SourceVersionDate "2012.11.22"]
[SourceQuality "1"]

1. e4 g6 2. d4 Bg7 3. Nc3 d6 4. Nf3 a6 5. a4 b6 6. Bc4 e6 7. 0-0 Ne7 8. d5 e5 9. Ne1 0-0 10. Nd3 Nd7 11. f4 exf4 12. Bxf4 h6 13. Bg3 g5 14. Qd2 Ng6 15. Nd1 Qe7 16. N1f2 Nde5 17. Nxe5 Bxe5 18. Bxe5 Qxe5 19. c3 Bd7 20. a5 b5 21. Be2 Qf4 22. Qd4 Qe5 23. Bg4 f5 24. exf5 Bxf5 25. Bxf5 Rxf5 26. Ng4 Qxd4+ 27. cxd4 Rxf1+ 28. Rxf1 Kg7 29. Rc1 Ra7 30. g3 Ne7 31. Ne3 Kf7 32. Kf2 Ke8 33. Ke2 Rb7 34. b4 Kd7 35. Rf1 Rb8 36. Rf7 Re8 37. Kd3 c6 38. Rh7 Kd8 39. Rxh6 Kd7 40. Rh7 cxd5 41. Nxd5 Kd8 42. Rxe7 Rxe7 43. Nxe7 Kxe7 44. h4 gxh4 45. gxh4 d5 46. Ke3 1-0

[Event "Paris-ch op-A"]
[Site "Paris"]
[Date "2010.07.11"]
[Round "9"]
[White "Contois, Frederick Andre"]
[Black "Guez, Fabien"]
[Result "0-1"]
[WhiteElo "1931"]
[BlackElo "2047"]
[PlyCount "126"]
[EventDate "2010.07.03"]
[EventType "swiss"]
[EventRounds "9"]
[EventCountry "FRA"]
[SourceTitle "CBM 137 Extra"]
[Source "ChessBase"]
[SourceDate "2010.09.01"]
[SourceVersion "1"]
[SourceVersionDate "2010.09.01"]
[SourceQuality "1"]

1. e4 e5 2. Nf3 Nc6 3. d4 exd4 4. Nxd4 Nf6 5. Nxc6 bxc6 6. e5 Qe7 7. Qe2 Nd5 8. c4 Nb6 9. b3 a5 10. g3 a4 11. Bb2 Qe6 12. Bg2 Bb4+ 13. Nd2 axb3 14. axb3 Rxa1+ 15. Bxa1 0-0 16. 0-0 f6 17. Ne4 fxe5 18. Ng5 Qf5 19. h4 d5 20. cxd5 cxd5 21. Qxe5 Qxe5 22. Bxe5 c6 23. Rc1 Bd7 24. Nf3 Rc8 25. Nd4 Be7 26. Nf3 c5 27. Bc3 Ra8 28. Ne5 Be8 29. b4 cxb4 30. Bd4 Rc8 31. Bxd5+ Kf8 32. Rxc8 Nxc8 33. Kf1 Ba4 34. Ke2 b3 35. Bb2 Nb6 36. Be6 Bb4 37. Nd3 Ba5 38. Nc5 Bb5+ 39. Kd1 Nc4 40. Nxb3 Nxb2+ 41. Kc2 Bb6 42. Kxb2 Bxf2 43. g4 Bxh4 44. Kc3 Ke7 45. Bc8 Bf6+ 46. Kd2 Bc4 47. Nc5 Bd5 48. Ke3 Be5 49. Nd3 Bd6 50. Kd4 Bg2 51. Ke3 Kf6 52. Ne1 Bc6 53. Nf3 Bg3 54. Nd4 Bd5 55. Nf3 Bc7 56. Kf2 Bf4 57. Nh4 g6 58. Nf3 Ke7 59. Nd4 Kd6 60. Ke2 Ke5 61. Nf3+ Ke4 62. Ba6 Be3 63. Bc8 Bc4+ 0-1

[Event "Paris-ch op-A"]
[Site "Paris"]
[Date "2010.07.09"]
[Round "7"]
[White "Pluyaud, Benoit"]
[Black "Guez, Fabien"]
[Result "1-0"]
[WhiteElo "1930"]
[BlackElo "2047"]
[PlyCount "87"]
[EventDate "2010.07.03"]
[EventType "swiss"]
[EventRounds "9"]
[EventCountry "FRA"]
[SourceTitle "CBM 137 Extra"]
[Source "ChessBase"]
[SourceDate "2010.09.01"]
[SourceVersion "1"]
[SourceVersionDate "2010.09.01"]
[SourceQuality "1"]

1. d4 Nf6 2. Bg5 e6 3. Nf3 d5 4. e3 Nbd7 5. c4 Bb4+ 6. Nbd2 0-0 7. Bd3 dxc4 8. Bxc4 Re8 9. 0-0 h6 10. Bh4 Bd6 11. e4 e5 12. Qb3 Qe7 13. dxe5 Bxe5 14. Rfe1 b6 15. Bd5 Rb8 16. Nxe5 Nxe5 17. Bg3 Ng6 18. f3 Nh5 19. Nf1 Nxg3 20. Nxg3 Nf4 21. Qc3 h5 22. Rac1 c5 23. Rcd1 Qg5 24. Qd2 h4 25. Nf1 Bh3 26. Ne3 Bxg2 27. Nxg2 h3 28. Bxf7+ Kh8 29. Bxe8 Rxe8 30. Qf2 Nxg2 31. Qg3 Nxe1 32. Rxe1 Qh6 33. f4 Re6 34. f5 Rd6 35. e5 Rd8 36. e6 Qh5 37. e7 Rg8 38. Qg6 Qxg6+ 39. fxg6 Re8 40. Kf2 c4 41. Re3 Kg8 42. Ke2 b5 43. Kd2 b4 44. Re5 1-0

[Event "Paris-ch op-A"]
[Site "Paris"]
[Date "2010.07.06"]
[Round "4"]
[White "Guez, Fabien"]
[Black "Willockx, Ritsaart"]
[Result "1/2-1/2"]
[WhiteElo "2047"]
[BlackElo "1946"]
[PlyCount "132"]
[EventDate "2010.07.03"]
[EventType "swiss"]
[EventRounds "9"]
[EventCountry "FRA"]
[SourceTitle "CBM 137 Extra"]
[Source "ChessBase"]
[SourceDate "2010.09.01"]
[SourceVersion "1"]
[SourceVersionDate "2010.09.01"]
[SourceQuality "1"]

1. e4 c6 2. d4 d5 3. Nc3 dxe4 4. Nxe4 Nd7 5. Bc4 e6 6. Nf3 Ngf6 7. Ng3 Bd6 8. 0-0 0-0 9. Re1 Qc7 10. c3 h6 11. a4 b6 12. Qe2 Bb7 13. Ne5 Bxe5 14. dxe5 Nh7 15. f4 Rfe8 16. Ne4 Ndf8 17. Nd6 Re7 18. Be3 c5 19. Rad1 Bc6 20. b3 Be8 21. Rd2 f6 22. exf6 Nxf6 23. Nxe8 Raxe8 24. Qf3 Kh8 25. Bf2 e5 26. fxe5 Rxe5 27. Rxe5 Qxe5 28. Re2 Qb8 29. h3 Rd8 30. Bg3 Rd1+ 31. Kh2 Qd8 32. Re3 Rd7 33. Be5 N8h7 34. Qf5 Re7 35. Bd3 Qd7 36. Qg6 Qe8 37. Qxe8+ Rxe8 38. Bf4 Rf8 39. Bd6 Re8 40. Bc7 Rc8 41. Be5 Re8 42. Bg6 Re7 43. Bf4 Rd7 44. Rd3 Nf8 45. Rxd7 N8xd7 46. Bd3 Nd5 47. Bd2 Ne5 48. Be4 Nf6 49. Bc2 Kg8 50. Kg1 Kf7 51. Kf2 Ke6 52. Ke2 Kd5 53. Bf4 a5 54. Ke3 g5 55. Bh2 h5 56. Bd1 g4 57. Bg3 Ng6 58. Bc2 Ne5 59. Bh4 Nfd7 60. Be4+ Ke6 61. Bd8 c4 62. Bc2 cxb3 63. Bxb3+ Kd6 64. hxg4 hxg4 65. Kf4 Nc5 66. Bg8 Nxa4 1/2-1/2

[Event "Paris-ch op-A"]
[Site "Paris"]
[Date "2010.07.04"]
[Round "2"]
[White "Guez, Fabien"]
[Black "Wunderman, Xavier"]
[Result "0-1"]
[WhiteElo "2047"]
[BlackElo "2173"]
[PlyCount "78"]
[EventDate "2010.07.03"]
[EventType "swiss"]
[EventRounds "9"]
[EventCountry "FRA"]
[SourceTitle "CBM 137 Extra"]
[Source "ChessBase"]
[SourceDate "2010.09.01"]
[SourceVersion "1"]
[SourceVersionDate "2010.09.01"]
[SourceQuality "1"]

1. e4 c5 2. Nf3 e6 3. d4 cxd4 4. Nxd4 Nc6 5. Nc3 Qc7 6. Be3 Nf6 7. Be2 Be7 8. 0-0 a6 9. f4 d6 10. a4 0-0 11. Kh1 Na5 12. Bd3 b6 13. Qe2 Bb7 14. Bd2 Nd7 15. b4 Nc6 16. Nxc6 Qxc6 17. b5 axb5 18. Nxb5 Nc5 19. Nd4 Qc7 20. Nb5 Qb8 21. a5 bxa5 22. Bxa5 Rc8 23. c4 Nb3 24. Bc7 Rxc7 25. Rxa8 Bxa8 26. Qa2 Nc5 27. Nxc7 Bb7 28. Rb1 Qxc7 29. Bc2 g6 30. Qa7 Kg7 31. h3 Bf6 32. Rb5 Bd4 33. Qb6 Qd7 34. Qa7 e5 35. Kh2 Qc8 36. Qb6 Bxe4 37. Rxc5 Bxc5 38. Qb1 Bxc2 39. Qxc2 exf4 0-1

[Event "Syre Memorial op 33th"]
[Site "Issy les Moulineaux"]
[Date "2010.05.14"]
[Round "2"]
[White "Leclerc, Arnaud"]
[Black "Guez, Fabien"]
[Result "1-0"]
[WhiteElo "1879"]
[BlackElo "2072"]
[PlyCount "65"]
[EventDate "2010.05.13"]
[EventType "swiss"]
[EventRounds "6"]
[EventCountry "FRA"]
[SourceTitle "EXT 2011"]
[Source "ChessBase"]
[SourceDate "2010.11.26"]
[SourceVersion "1"]
[SourceVersionDate "2010.11.26"]
[SourceQuality "1"]

1. e4 e6 2. d3 c5 3. g3 b5 4. Bg2 Bb7 5. f4 Nf6 6. Nf3 d6 7. 0-0 Be7 8. Qe2 Nc6 9. Nc3 b4 10. Nd1 Qc7 11. Ne3 0-0-0 12. b3 h5 13. a3 bxa3 14. Bxa3 Nd7 15. Bb2 Bf6 16. Rfb1 Rdg8 17. Qd2 Bxb2 18. Rxb2 f6 19. Nc4 a6 20. Rba2 d5 21. Na5 Nxa5 22. Rxa5 dxe4 23. dxe4 Nb6 24. Qc3 Nd7 25. e5 g5 26. fxg5 fxg5 27. Nd2 Bxg2 28. Kxg2 h4 29. Rxa6 h3+ 30. Kg1 g4 31. Ra8+ Nb8 32. Ne4 Qc6 33. Nd6+ 1-0

[Event "Syre Memorial op 32nd"]
[Site "Issy les Moulineaux"]
[Date "2009.05.22"]
[Round "3"]
[White "Guez, Fabien"]
[Black "Godefroy, Philippe"]
[Result "1-0"]
[WhiteElo "2094"]
[BlackElo "1863"]
[PlyCount "37"]
[EventDate "2009.05.21"]
[EventType "swiss"]
[EventRounds "6"]
[EventCountry "FRA"]
[SourceTitle "EXT 2010"]
[Source "ChessBase"]
[SourceDate "2010.11.25"]
[SourceVersion "1"]
[SourceVersionDate "2010.11.25"]
[SourceQuality "1"]

1. e4 d6 2. d4 g6 3. Nc3 Bg7 4. Nf3 Nf6 5. h3 Nbd7 6. e5 dxe5 7. dxe5 Ng8 8. e6 fxe6 9. Ng5 Ne5 10. Qxd8+ Kxd8 11. Bf4 h6 12. Bxe5 hxg5 13. Bxg7 Rh7 14. 0-0-0+ Ke8 15. Be5 c6 16. Bd3 Kf7 17. Ne4 Kf8 18. Nxg5 Rh5 19. Bxg6 1-0

[Event "Syre Memorial op 32nd"]
[Site "Issy les Moulineaux"]
[Date "2009.05.21"]
[Round "1"]
[White "Guez, Fabien"]
[Black "David, Alberto"]
[Result "0-1"]
[WhiteElo "2094"]
[BlackElo "2587"]
[PlyCount "84"]
[EventDate "2009.05.21"]
[EventType "swiss"]
[EventRounds "6"]
[EventCountry "FRA"]
[SourceTitle "EXT 2010"]
[Source "ChessBase"]
[SourceDate "2010.11.25"]
[SourceVersion "1"]
[SourceVersionDate "2010.11.25"]
[SourceQuality "1"]

1. e4 c5 2. Nf3 e6 3. d4 cxd4 4. Nxd4 a6 5. Nc3 Qc7 6. Be2 Nf6 7. Be3 Bb4 8. 0-0 Bxc3 9. bxc3 Nxe4 10. Bd3 d5 11. c4 Nf6 12. cxd5 Nxd5 13. Bd2 0-0 14. Qh5 f5 15. Rae1 Qb6 16. c3 Qd6 17. Bc4 Nc6 18. Qe2 Nxd4 19. cxd4 Bd7 20. Qe5 Qxe5 21. Rxe5 Nc7 22. Ba5 Bb5 23. Bxc7 Bxc4 24. Ra1 Bd5 25. Ree1 Rac8 26. Rec1 Bc6 27. Be5 Rfd8 28. a3 Rd5 29. Rc4 Rcd8 30. Rac1 Rb5 31. h4 Rd7 32. R1c3 Rb6 33. Rc1 Rb5 34. R1c3 h6 35. Rc5 Rb6 36. R5c4 g5 37. hxg5 hxg5 38. Rg3 Rb1+ 39. Kh2 Rh7+ 40. Rh3 Rh1+ 41. Kg3 R7xh3+ 42. gxh3 f4+ 0-1

[Event "Metz op 24th"]
[Site "Metz"]
[Date "2006.04.30"]
[Round "9"]
[White "Guez, Fabien"]
[Black "Matschek, Norbert"]
[Result "1-0"]
[WhiteElo "2137"]
[BlackElo "1825"]
[PlyCount "57"]
[EventDate "2006.04.22"]
[EventType "swiss"]
[EventRounds "9"]
[EventCountry "FRA"]
[SourceTitle "EXT 2007"]
[Source "ChessBase"]
[SourceDate "2006.11.23"]
[SourceVersion "1"]
[SourceVersionDate "2006.11.23"]
[SourceQuality "1"]

1. e4 c5 2. Nf3 e6 3. d4 cxd4 4. Nxd4 a6 5. Nc3 Nc6 6. Nxc6 bxc6 7. Bd3 e5 8. 0-0 Bc5 9. Na4 Bd4 10. c3 Ba7 11. b3 Nf6 12. Ba3 Bb8 13. Bc2 d6 14. Qd3 0-0 15. Rad1 Re8 16. Bxd6 Ba7 17. Bc5 Qa5 18. Bxa7 Rxa7 19. Qe3 Rd7 20. Qb6 Qb5 21. Rxd7 Nxd7 22. Qe3 c5 23. Bd3 Qa5 24. Bc4 Bb7 25. Qd3 Bc6 26. Bxa6 Bxa4 27. bxa4 Qxa4 28. Bb5 c4 29. Qxd7 1-0

[Event "Metz op 24th"]
[Site "Metz"]
[Date "2006.04.25"]
[Round "4"]
[White "Pincon, Stephane"]
[Black "Guez, Fabien"]
[Result "1-0"]
[WhiteElo "1946"]
[BlackElo "2137"]
[PlyCount "99"]
[EventDate "2006.04.22"]
[EventType "swiss"]
[EventRounds "9"]
[EventCountry "FRA"]
[SourceTitle "EXT 2007"]
[Source "ChessBase"]
[SourceDate "2006.11.23"]
[SourceVersion "1"]
[SourceVersionDate "2006.11.23"]
[SourceQuality "1"]

1. d4 e6 2. c4 Nf6 3. Nc3 Bb4 4. e3 0-0 5. Nge2 d5 6. a3 Be7 7. Ng3 dxc4 8. Bxc4 c5 9. 0-0 cxd4 10. exd4 Nbd7 11. Re1 Nb6 12. Ba2 Bd7 13. Bf4 Bc6 14. Be5 Nbd5 15. Qe2 Rc8 16. Nce4 Nxe4 17. Nxe4 Nf6 18. Ng5 Bd5 19. Qd3 g6 20. Qh3 Nh5 21. Bxd5 Qxd5 22. g4 Bxg5 23. gxh5 Rc6 24. Rad1 Rd8 25. Qg3 f6 26. hxg6 hxg6 27. h4 Kf7 28. hxg5 Rh8 29. Qg2 Qxg2+ 30. Kxg2 fxe5 31. Rxe5 Rd8 32. d5 exd5 33. Rexd5 Rxd5 34. Rxd5 Ke6 35. Rb5 b6 36. Kg3 Rc1 37. b3 Kd6 38. Rb4 Kc5 39. Rf4 a5 40. Rf6 Rc3+ 41. Rf3 Rc1 42. b4+ axb4 43. axb4+ Kd5 44. Rf6 b5 45. Rxg6 Rc4 46. Rb6 Rxb4 47. g6 Rb1 48. Kf4 b4 49. Kf5 b3 50. g7 1-0

[Event "Metz op 24th"]
[Site "Metz"]
[Date "2006.04.24"]
[Round "3"]
[White "Guez, Fabien"]
[Black "Del Rio de Angelis, Salvador Gabriel"]
[Result "0-1"]
[WhiteElo "2137"]
[BlackElo "2516"]
[PlyCount "68"]
[EventDate "2006.04.22"]
[EventType "swiss"]
[EventRounds "9"]
[EventCountry "FRA"]
[SourceTitle "EXT 2007"]
[Source "ChessBase"]
[SourceDate "2006.11.23"]
[SourceVersion "1"]
[SourceVersionDate "2006.11.23"]
[SourceQuality "1"]

1. e4 e5 2. Nf3 Nc6 3. d4 exd4 4. Nxd4 Nf6 5. Nxc6 bxc6 6. Bd3 d5 7. e5 Nd7 8. e6 Qe7 9. 0-0 fxe6 10. c4 Qf7 11. Qa4 Bb7 12. cxd5 cxd5 13. Bf4 c6 14. Bg3 Be7 15. Qc2 g6 16. Nd2 0-0 17. Rae1 e5 18. Bxe5 Nxe5 19. Rxe5 Bd6 20. Re3 c5 21. Rf3 Qg7 22. Re1 c4 23. Bf1 Rxf3 24. Nxf3 Rf8 25. Qe2 Kh8 26. Rd1 Bc5 27. Rd2 Qf6 28. Qe5 Qxe5 29. Nxe5 Re8 30. Re2 Kg7 31. Ng4 Rxe2 32. Bxe2 Bd4 33. b3 c3 34. Bd3 Bc8 0-1

[Event "FRA-chT2B 0506"]
[Site "France"]
[Date "2005.12.04"]
[Round "4.6"]
[White "Guez, Fabien"]
[Black "Bardin, Christian"]
[Result "1-0"]
[WhiteElo "2159"]
[BlackElo "1914"]
[PlyCount "109"]
[EventDate "2005.10.27"]
[EventType "team-tourn"]
[EventRounds "11"]
[EventCountry "FRA"]
[SourceTitle "EXT 2006"]
[Source "ChessBase"]
[SourceDate "2005.11.24"]
[SourceVersion "1"]
[SourceVersionDate "2005.11.24"]
[SourceQuality "1"]
[WhiteTeam "Creteil  II"]
[BlackTeam "Bagneux"]
[WhiteTeamCountry "FRA"]
[BlackTeamCountry "FRA"]

1. e4 e5 2. d4 exd4 3. Nf3 Bb4+ 4. Bd2 Bxd2+ 5. Qxd2 Nc6 6. Bc4 Nh6 7. Nxd4 Nxd4 8. Qxd4 0-0 9. Nd2 d6 10. 0-0-0 Be6 11. f4 Ng4 12. h3 Nf6 13. Bxe6 fxe6 14. g4 Qe7 15. Rde1 b5 16. e5 Nd7 17. exd6 Qxd6 18. Qxd6 cxd6 19. Rxe6 Rxf4 20. Rxd6 Nb6 21. Re1 Kf7 22. b3 Re8 23. Rxe8 Kxe8 24. Re6+ Kd7 25. Re4 Rf2 26. Re5 a6 27. Rh5 h6 28. Ne4 Rf1+ 29. Kb2 Kc6 30. Rc5+ Kd7 31. Rh5 Kc6 32. Rc5+ Kd7 33. Re5 Rf3 34. h4 Rf4 35. Nc5+ Kd6 36. Rh5 Rxg4 37. Nxa6 Nd5 38. a3 Re4 39. Kc1 Rd4 40. b4 Nc3 41. Nc5 Ne2+ 42. Kb2 Ng3 43. Nb7+ Kc6 44. Na5+ Kd6 45. Rxb5 Rxh4 46. Rb6+ Ke5 47. Rg6 Nf5 48. Nc6+ Kd5 49. Kb3 Rh3+ 50. c3 Rg3 51. Ne7+ Ke5 52. a4 Rxg6 53. Nxg6+ Kf6 54. a5 Kxg6 55. a6 1-0

[Event "FRA-chT2B 0506"]
[Site "France"]
[Date "2005.11.20"]
[Round "3.3"]
[White "Guez, Fabien"]
[Black "Camus de Solliers, Guillaume"]
[Result "0-1"]
[WhiteElo "2159"]
[BlackElo "2256"]
[PlyCount "76"]
[EventDate "2005.10.27"]
[EventType "team-tourn"]
[EventRounds "11"]
[EventCountry "FRA"]
[SourceTitle "EXT 2006"]
[Source "ChessBase"]
[SourceDate "2005.11.24"]
[SourceVersion "1"]
[SourceVersionDate "2005.11.24"]
[SourceQuality "1"]
[WhiteTeam "Creteil  II"]
[BlackTeam "Rueil Malmaison"]
[WhiteTeamCountry "FRA"]
[BlackTeamCountry "FRA"]

1. e4 e6 2. d4 d5 3. Nd2 Nf6 4. e5 Nfd7 5. Bd3 c5 6. c3 Nc6 7. Ndf3 cxd4 8. cxd4 f6 9. exf6 Nxf6 10. Nh3 Qc7 11. 0-0 Bd6 12. Re1 0-0 13. Nhg5 h6 14. Nxe6 Bxe6 15. Rxe6 Ng4 16. g3 Qd7 17. Re1 Qf7 18. Be2 Rae8 19. Qd3 Rxe2 20. Rxe2 Qxf3 21. Qxf3 Rxf3 22. Be3 Bc7 23. Kg2 Rf7 24. h3 Nf6 25. f3 Re7 26. Rae1 Bb6 27. Bf2 Rxe2 28. Rxe2 Kf7 29. Rd2 Ne8 30. a4 Nd6 31. g4 Nc4 32. Rc2 Nxd4 33. Rc3 Ne2 34. Rc2 Nf4+ 35. Kf1 Bxf2 36. Kxf2 Nd3+ 37. Ke2 Ndxb2 38. a5 d4 0-1

[Event "FRA-chT2B 0506"]
[Site "France"]
[Date "2005.11.19"]
[Round "2.7"]
[White "Keller, Christophe"]
[Black "Guez, Fabien"]
[Result "1/2-1/2"]
[WhiteElo "2196"]
[BlackElo "2159"]
[PlyCount "82"]
[EventDate "2005.10.27"]
[EventType "team-tourn"]
[EventRounds "11"]
[EventCountry "FRA"]
[SourceTitle "EXT 2006"]
[Source "ChessBase"]
[SourceDate "2005.11.24"]
[SourceVersion "1"]
[SourceVersionDate "2005.11.24"]
[SourceQuality "1"]
[WhiteTeam "Clichy II"]
[BlackTeam "Creteil  II"]
[WhiteTeamCountry "FRA"]
[BlackTeamCountry "FRA"]

1. e4 e6 2. d4 d5 3. e5 c5 4. c3 Nc6 5. Nf3 Bd7 6. a3 f6 7. Bd3 fxe5 8. dxe5 Qc7 9. Bf4 g6 10. 0-0 Bg7 11. Re1 Nh6 12. c4 0-0 13. Bxh6 Bxh6 14. cxd5 exd5 15. e6 Be8 16. Nc3 Ne7 17. Qe2 a6 18. Rad1 Rf6 19. Bc2 Bc6 20. Qe5 Qxe5 21. Nxe5 Rxe6 22. Nxc6 Rxe1+ 23. Rxe1 Nxc6 24. Nxd5 Bg7 25. Kf1 Bxb2 26. Rb1 Bd4 27. Rxb7 Rb8 28. Rxb8+ Nxb8 29. Nc7 Kf7 30. Bd3 a5 31. Bb5 Ke7 32. Nd5+ Kd6 33. Nb6 Nc6 34. Nc4+ Kd5 35. Nb6+ Kd6 36. Nc4+ Kd5 37. Ke2 Bc3 38. Ne3+ Kd6 39. Nc4+ Kd5 40. Ne3+ Kd6 41. Nc4+ Kd5 1/2-1/2

[Event "FRA-chT N1"]
[Site "France"]
[Date "2005.05.07"]
[Round "10.6"]
[White "Guez, Fabien"]
[Black "Brunelliere, Pierre"]
[Result "1/2-1/2"]
[WhiteElo "2187"]
[BlackElo "2344"]
[PlyCount "49"]
[EventDate "2005.05.05"]
[EventType "team"]
[EventRounds "11"]
[EventCountry "FRA"]
[SourceTitle "EXT 2006"]
[Source "ChessBase"]
[SourceDate "2005.11.24"]
[SourceVersion "1"]
[SourceVersionDate "2005.11.24"]
[SourceQuality "1"]

1. e4 c5 2. Nf3 Nc6 3. d4 cxd4 4. Nxd4 g6 5. Nc3 Bg7 6. Be3 Nf6 7. Bc4 0-0 8. Bb3 d6 9. h3 Na5 10. 0-0 b6 11. Qe2 Bb7 12. Bd5 Qd7 13. Rad1 Rac8 14. Nb3 Nxd5 15. Nxd5 Nxb3 16. cxb3 Qe6 17. f3 Bxd5 18. exd5 Qe5 19. Rf2 Rc7 20. Qd3 Rfc8 21. Re2 Qg3 22. Bf2 Qg5 23. Be3 Qg3 24. Bf2 Qg5 25. Be3 1/2-1/2

[Event "Issy les Moulineaux tt"]
[Site "Issy les Moulineaux"]
[Date "2005.04.17"]
[Round "6"]
[White "Favre, Mathieu"]
[Black "Guez, Fabien"]
[Result "1-0"]
[WhiteElo "2037"]
[BlackElo "2187"]
[PlyCount "47"]
[EventDate "2004.11.21"]
[EventType "team"]
[EventRounds "7"]
[EventCountry "FRA"]
[SourceTitle "EXT 2007"]
[Source "ChessBase"]
[SourceDate "2006.11.23"]
[SourceVersion "1"]
[SourceVersionDate "2006.11.23"]
[SourceQuality "1"]

1. e4 e6 2. d4 d5 3. Nc3 Bb4 4. exd5 exd5 5. Bd3 Nc6 6. a3 Bxc3+ 7. bxc3 Nf6 8. Bg5 Qd6 9. Ne2 Bg4 10. f3 Bh5 11. 0-0 0-0 12. Nf4 h6 13. Nxh5 hxg5 14. Nxf6+ Qxf6 15. f4 gxf4 16. Qh5 g6 17. Qxd5 Qh4 18. Rab1 Rab8 19. Qf3 Qe7 20. Qxf4 Qxa3 21. Qh6 Qd6 22. Rf4 f5 23. Bc4+ Rf7 24. Rh4 1-0

[Event "Cappelle op 21st"]
[Site "Cappelle la Grande"]
[Date "2005.02.15"]
[Round "5"]
[White "Guez, Fabien"]
[Black "Colin, Vincent"]
[Result "0-1"]
[WhiteElo "2177"]
[BlackElo "2402"]
[PlyCount "70"]
[EventDate "2005.02.12"]
[EventType "swiss"]
[EventRounds "9"]
[EventCountry "FRA"]
[SourceTitle "EXT 2006"]
[Source "ChessBase"]
[SourceDate "2005.11.24"]
[SourceVersion "1"]
[SourceVersionDate "2005.11.24"]
[SourceQuality "1"]

1. e4 e5 2. Nf3 Nc6 3. Bb5 a6 4. Ba4 Nf6 5. 0-0 b5 6. Bb3 Be7 7. Re1 d6 8. c3 0-0 9. h3 Bb7 10. d4 Re8 11. Nbd2 Bf8 12. Ng5 Re7 13. Ndf3 exd4 14. cxd4 Qe8 15. Bc2 Nb4 16. Bb1 Nxe4 17. Nxe4 Bxe4 18. Bxe4 Rxe4 19. Rxe4 Qxe4 20. Ng5 Qg6 21. Qb3 c5 22. dxc5 dxc5 23. Bd2 Rd8 24. Bxb4 Qxg5 25. Ba5 Rc8 26. Rd1 Qf5 27. Rd5 Qg6 28. Qd1 h6 29. a3 Be7 30. Bc3 Rc6 31. Re5 Qd6 32. Qf3 Bf6 33. Re8+ Kh7 34. Qf5+ g6 35. Bxf6 gxf5 0-1

[Event "FRA-ch op-A"]
[Site "Chartres"]
[Date "2005.??.??"]
[Round "5"]
[White "Marx, Nicolas"]
[Black "Guez, Fabien"]
[Result "0-1"]
[WhiteElo "2086"]
[BlackElo "2165"]
[PlyCount "76"]
[EventDate "2005.08.15"]
[EventType "swiss"]
[EventRounds "11"]
[EventCountry "FRA"]
[SourceTitle "EXT 2006"]
[Source "ChessBase"]
[SourceDate "2005.11.24"]
[SourceVersion "1"]
[SourceVersionDate "2005.11.24"]
[SourceQuality "1"]

1. d4 e6 2. c4 Nf6 3. Nf3 d5 4. g3 Bb4+ 5. Bd2 Be7 6. Bg2 0-0 7. cxd5 exd5 8. Nc3 b6 9. 0-0 Bb7 10. Qb3 Nbd7 11. Rfd1 c5 12. dxc5 Nxc5 13. Qc2 Rc8 14. Rac1 Nce4 15. Qb1 Bc5 16. Be1 Qe7 17. e3 Rcd8 18. Nd4 Nxc3 19. Rxc3 Ne4 20. Rcc1 Qf6 21. b4 Bxd4 22. Rxd4 Rc8 23. Bxe4 dxe4 24. Bc3 Qf3 25. b5 Rc5 26. Bb4 Rxb5 27. a4 Rf5 28. Qc2 Re8 29. Rd7 Ba6 30. Rxa7 Bd3 31. Qb2 h5 32. h4 Be2 33. Be1 Qg4 34. f4 exf3 35. Rc2 Rxe3 36. Kf2 Re8 37. Bc3 Qh3 38. Bxg7 Qf1# 0-1

[Event "Bethune op-A 25th"]
[Site "Bethune"]
[Date "2004.12.29"]
[Round "5"]
[White "Guez, Fabien"]
[Black "Bratanov, Zsivko"]
[Result "0-1"]
[WhiteElo "2196"]
[BlackElo "2448"]
[PlyCount "56"]
[EventDate "2004.12.26"]
[EventType "swiss"]
[EventRounds "7"]
[EventCountry "FRA"]
[SourceTitle "CBM 104 Extra"]
[Source "ChessBase"]
[SourceDate "2005.03.01"]
[SourceVersion "1"]
[SourceVersionDate "2005.03.01"]
[SourceQuality "1"]

1. e4 c5 2. Nf3 e6 3. d4 cxd4 4. Nxd4 a6 5. Nc3 b5 6. g4 Bb7 7. Bg2 h6 8. 0-0 d6 9. f4 g5 10. Qf3 Nd7 11. Qf2 Rh7 12. f5 e5 13. Nde2 Ngf6 14. h3 Rc8 15. Ng3 Qc7 16. a3 Nb6 17. Re1 Be7 18. Re2 Kf8 19. Nd1 d5 20. exd5 Nbxd5 21. Qe1 Nf4 22. Bxf4 exf4 23. Ne4 Bxe4 24. Bxe4 h5 25. Bf3 hxg4 26. hxg4 Rh3 27. Qf1 Bc5+ 28. Nf2 Rxf3 0-1

[Event "Montigny le Bretonneux 3rd"]
[Site "Montigny le Bretonneux"]
[Date "2004.10.26"]
[Round "3"]
[White "Plantet, Marc"]
[Black "Guez, Fabien"]
[Result "1/2-1/2"]
[WhiteElo "2076"]
[BlackElo "2196"]
[PlyCount "151"]
[EventDate "2004.10.??"]
[EventType "swiss"]
[EventRounds "9"]
[EventCountry "FRA"]
[SourceTitle "EXT 2006"]
[Source "ChessBase"]
[SourceDate "2005.11.24"]
[SourceVersion "1"]
[SourceVersionDate "2005.11.24"]
[SourceQuality "1"]

1. e4 e6 2. d4 d5 3. e5 c5 4. c3 Nc6 5. Nf3 Bd7 6. Bd3 cxd4 7. cxd4 Qb6 8. Nc3 Nxd4 9. Ng5 Nc6 10. Qe2 d4 11. Nb5 a6 12. Na3 Qa5+ 13. Bd2 Qxe5 14. Ne4 Bxa3 15. bxa3 Nf6 16. f4 Qd5 17. Ng5 h6 18. Nf3 Ng4 19. 0-0 0-0 20. Rab1 b5 21. Rfc1 Rac8 22. Be4 d3 23. Qe1 Qxa2 24. Qd1 Qxa3 25. Bxc6 Bxc6 26. Bb4 Bxf3 27. Bxf8 Bxd1 28. Bxa3 Rxc1 29. Rxc1 Bc2 30. Bb4 Nf6 31. Ra1 Nd5 32. Bd2 Ba4 33. Ra3 Kf8 34. Rxd3 Ke7 35. Kf2 Kd6 36. Bb4+ Kc6 37. Bf8 b4 38. Bxg7 h5 39. Kf3 Bc2 40. Rd4 b3 41. Rc4+ Kb5 42. Rc8 f6 43. Rb8+ Kc4 44. Bf8 Kc3 45. Ba3 Bd3 46. Rc8+ Bc4 47. g4 hxg4+ 48. Kxg4 Ne3+ 49. Kf3 b2 50. Rb8 Bb5 51. Bxb2+ Kxb2 52. Rb6 Nf5 53. Kg4 Nd4 54. h4 Kc3 55. Kh5 Be8+ 56. Kh6 a5 57. Kg7 f5 58. Rb8 Bb5 59. Ra8 Kd3 60. Rxa5 Ke3 61. Kh6 Be2 62. Kg5 Nf3+ 63. Kf6 Nd4 64. Ra1 Bg4 65. Ra4 Ne2 66. Kg5 Ng3 67. Ra3+ Kf2 68. Ra2+ Kf3 69. Ra3+ Kg2 70. Ra2+ Kh3 71. Ra3 Kg2 72. Kf6 Nh5+ 73. Ke5 Ng3 74. Kxe6 Kh3 75. h5 Bxh5 76. Rxg3+ 1/2-1/2